Destin - Ninho - Statistiques

Statistiques générales
  • Ce quiz a été pris 310 fois
  • Le résultat moyen est 11 sur 18
Statistiques - réponses
Titres % Correct
3 Goutte d'eau
90%
2 La vie qu'on mène
88%
10 - (ft. Niska) Maman ne le sait pas
86%
7 - (ft. Koba LaD) La vivance
77%
17 - (ft. Faouzia) Money
72%
12 - (ft. Dadju) Jamais
71%
15 - (ft. Fally Ipupa) À Kinshasa
69%
18 Outro
68%
13 - (ft. JuL) Jusqu'à minuit
63%
6 Tokarev
57%
1 Sans Peine
56%
5 Jeune Lossa
52%
14 Putana
52%
9 NI
51%
4 Paris c'est magique
51%
8 Big Pac
46%
16 - (ft. Tito) Zéro Paluche
46%
11 L'ancien
41%
Aucun quiz correspondant
Distribution des résultats
% des personnes avec chaque résultat
Percentile par nombre de réponses
Votre historique - résultats
Vous n’avez pas pris ce quiz